00825nam a22002537a 450000500170000001000110001702000220002803500110005003700160006104000120007708200110008910000280010024500680012826000350019627000340023130000200026550000060028565000220029165000170031370000210033094200200035199900190037195201810039020170124110119.0 a907271 c00.00a0701122374 a907271 bCen Lib/Ret aDPLbEN aNbWOD aWodehouse, P. G.930109 aSunset at bladings /cby P.G. Wodehouse; illustrated by Lonicus aLondon bChatto & windusc1977 bLondon a40 William iv street a213p.c18cm(Hb) a  aLiterature 96262 aNovel922513 aIonicus 9101288 2ddccENhNmWOD c130910d130910 04104070aLbLd2015-07-11eCen Lib/Retg0.00l0oN WODp907271r2015-07-11 00:00:00t1v0.00w2015-07-11yENzWritten off on approval by DLB (By Circulation); dtd 15-06-2023